MARC details
| 000 -CABECERA |
| campo de control de longitud fija |
00986nam a22002653a 4500 |
| 005 - FECHA Y HORA DE LA ÚLTIMA TRANSACCIÓN |
| campo de control |
20240924065347.0 |
| 008 - ELEMENTOS DE LONGITUD FIJA--INFORMACIÓN GENERAL |
| campo de control de longitud fija |
010608s1995 mx fr 000 0 spa d |
| 035 ## - NÚMERO DE CONTROL DEL SISTEMA |
| Número de control de sistema |
UPN01000107842 |
| 049 ## - COLECCIÓN |
| Colección |
F |
| 050 #4 - SIGNATURA TOPOGRÁFICA DE LA BIBLIOTECA DEL CONGRESO |
| Número de clasificación |
LB2305 |
| Número de documento/Ítem |
E5.7 no.2 |
| 100 1# - ASIENTO PRINCIPAL--NOMBRE PERSONAL |
| Nombre de persona |
Lovell, Cheryl D. |
| 245 10 - MENCIÓN DE TÍTULO |
| Título |
Higher education faculty in Mexico and the United States : |
| Resto del título |
characteristics and policy issues / |
| Mención de responsabilidad, etc. |
by Cheryl D. Lovell and María Dolores Sánchez Soler. |
| 260 ## - PUBLICACIÓN, DISTRIBUCIÓN, ETC. |
| Lugar de publicación, distribución, etc. |
Boulder, Colo. : |
| Nombre del editor, distribuidor, etc. |
WICHE : |
| -- |
CONAHEC, |
| Fecha de publicación, distribución, etc. |
1995 |
| 300 ## - DESCRIPCIÓN FÍSICA |
| Extensión |
29 p. |
| 440 #0 - MENCIÓN DE SERIE/ASIENTO SECUNDARIO--TÍTULO |
| Título |
Understanding the differences. |
| Nombre de parte o sección de la obra |
Working paper ; |
| Designación de volumen o secuencia |
no.2) |
| 500 ## - NOTA GENERAL |
| Nota general |
"A working paper series on higher education in the U:S: and Mexico" |
| 650 14 - ASIENTO SECUNDARIO DE MATERIA - TERMINO TEMATICO |
| Término de materia o nombre geográfico como elemento de entrada |
Educación superior |
| Subdivisión geográfica |
México |
| 9 (RLIN) |
4968 |
| 650 27 - ASIENTO SECUNDARIO DE MATERIA - TERMINO TEMATICO |
| Término de materia o nombre geográfico como elemento de entrada |
Educación superior |
| Subdivisión geográfica |
Estados Unidos |
| Fuente del encabezamiento o término |
|
| 9 (RLIN) |
15203 |
| 650 24 - ASIENTO SECUNDARIO DE MATERIA - TERMINO TEMATICO |
| Término de materia o nombre geográfico como elemento de entrada |
Innovaciones educativas |
| 9 (RLIN) |
386 |
| 650 24 - ASIENTO SECUNDARIO DE MATERIA - TERMINO TEMATICO |
| Término de materia o nombre geográfico como elemento de entrada |
Educación y Estado |
| 9 (RLIN) |
19 |
| 700 11 - ASIENTO SECUNDARIO--NOMBRE DE PERSONAL |
| Nombre de persona |
Sánchez Soler, María Dolores, |
| Término indicativo de función/relación |
coaut. |
| 9 (RLIN) |
29944 |
| 901 ## - ELEMENTOS DE DATOS A LOCAL LDA (RLIN) |
| a |
173513 |
| 902 ## - ELEMENTOS DE DATOS B LOCAL, LDB (RLIN) |
| Creó |
MEE/pgv |
| 905 ## - TIPO DE MATERIAL |
| Tipo de material |
Libro |